000 00991nam a22002417a 4500
005 20240530110623.0
008 161228s2014 ua b g b 000 0 ara d
017 _a2014/10237
_bمصر. دار الكتب
020 _a9789777280839
040 _aEG-CaGPL
_cEG-CaGPL
082 0 4 _221
_a239.6\
_bف أ
100 0 _aفتحى ابو طالب
245 1 0 _aاخلاقيات الحرب فى عهد الرسول الكريم /
_cتاليف فتحى ابو طالب
250 _aط. 1
260 _aالقاهرة :
_bدار الحكمة للطباعة و النشر و التوزيع ،
_c2014.
300 _a416 ص. :
_bخرائط ؛
_c24 سم.
504 _aيشتمل على ارجاعات ببليوجرافية
650 0 7 _2qrmak
_aالسيرة النبوية
650 0 7 _2qrmak
_aاخلاق الرسول
650 0 7 _2qrmak
_aالسيرة النبوية
_xعصر الجهاد فى سبيل نشر الدعوة
942 _2ddc
_cBK
999 _c63095
_d63095